Návrh riešenia štíhleho pracoviska údržby so zameraním na metódu 5S v podmienkach ENL SK, s.r.o.

Guardado en:
Detalles Bibliográficos
Autor principal: Paldan, Marián (Autor)
Otros Autores: Stareček, Augustín (Orientador)
Formato: Manuscrito Libro
Lenguaje:eslovaco
Publicado: 2023
Materias:
Acceso en línea:http://is.stuba.sk/zp/portal_zp.pl?podrobnosti=170994
Etiquetas: Agregar Etiqueta
Sin Etiquetas, Sea el primero en etiquetar este registro!

MARC

LEADER 00000ntm a22000003a 4500
001 stuzp93408
003 SK-STU
005 20230909214939.8
007 ta
008 150427s2015----xo-----f-mn---000-0-slo-d
040 |a STU  |b slo 
041 0 |a slo 
100 1 |a Paldan, Marián  |u 064000  |4 aut  |U MTF Materiálovotechnologická fakulta  |T MTF Ústav priemyselného inžinierstva a manažmentu  |X 99680  |U M4000  |Y 84  |7 99680 
242 0 1 |a Proposal of a lean maintenance workplace solution with a focus on the 5S method under the conditions of ENL SK, s.r.o.  |y eng 
245 1 0 |a Návrh riešenia štíhleho pracoviska údržby so zameraním na metódu 5S v podmienkach ENL SK, s.r.o. 
260 |c 2023 
650 4 |a metóda 5S  |2 slo 
650 4 |a metóda 6S  |2 slo 
650 4 |a metóda 7S  |2 slo 
650 4 |a štíhly manažment  |2 slo 
650 4 |a nástroje štíhleho manažmentu  |2 slo 
650 4 |a plytvanie  |2 slo 
650 4 |a 7S method  |2 eng 
650 4 |a 5S method  |2 eng 
650 4 |a 6S method  |2 eng 
650 4 |a waste  |2 eng 
650 4 |a lean management  |2 eng 
650 4 |a lean management tools  |2 eng 
700 1 |a Stareček, Augustín  |u 064000  |k Z2  |4 ths  |U MTF Materiálovotechnologická fakulta  |T MTF Ústav priemyselného inžinierstva a manažmentu  |X 45682  |U M4000  |Y 84  |7 A000045682 
856 4 |u http://is.stuba.sk/zp/portal_zp.pl?podrobnosti=170994 
996 |c M* DP-15208  |l MMSKP  |s P  |a 0  |w stuzp93408_0001